• 首页
  • 本馆介绍
  • 公告通知
  • 最新文献
  • 馆藏检索
  • 电子资源
  • 读者导购
  • 参考咨询
  • 我的图书馆
  • 登录
  • 详细信息显示
  • 放入我的书架
  • 预约/预借图书
  • 作者相关作品
  • 分类相关作品
  • 丛书相关作品
  • 出版社相关作品

书目信息

  • 表格格式
  • 工作单格式
  • 卡片格式
题名:
英语教学与文化贯通研究
    
 
作者: 蔡晓琳 著
分册:  
出版信息: 长春   吉林文史出版社  2017.5
页数: 192页
开本: 24cm
丛书名:
单 册:
中图分类: H319.3 , H31-05
科图分类:
主题词: 英语--教学研究 , 英语--文化语言学
电子资源:
ISBN: 978-7-5472-4395-4
000 01118nam0 2200253 450
001 012001011765
005 20141123091219.0
010    @a978-7-5472-4395-4@dCNY36.00
100    @a20181029d2017 em y0chiy0110 ea
101 0  @achi
102    @aCN@b220000
105    @ay z 000yy
106    @ar
200 1  @a英语教学与文化贯通研究@Aying yu jiao xue yu wen hua guan tong yan jiu@f蔡晓琳著
210    @a长春@c吉林文史出版社@d2017.5
215    @a192页@d24cm
330    @a这是一部关于英语教学与文化的专著,语言和文化紧密相连,文化一方面对语言的形式起着制约的作用,另一方面也是语言表现的基本内容。英语是社会信息的重要载体,在人类生活与交际的各领域中得到了广泛的应用。在英语教学中,由于文化的缺失无法明确教学目标,教学效率无法提高。在经济全球化、文化多元化发展的今天,社会对人才的综合素质提出了更高的要求,英语教师应遵循第二语言习得规律,将英语教学的文化融合作为切入点,全方面提高学生的英语水平。
606 0  @a英语@x教学研究
606 0  @a英语@x文化语言学
690    @aH319.3@v5
690    @aH31-05@v5
701  0 @a蔡晓琳@Acai xiao lin@4著
801  0 @aCN@b上海新华@c20191020
905    @b1184376-9@dH319.3@e344@f4
    
    英语教学与文化贯通研究/蔡晓琳著.-长春:吉林文史出版社,2017.5
    192页;24cm
    
    
    ISBN 978-7-5472-4395-4:CNY36.00
    这是一部关于英语教学与文化的专著,语言和文化紧密相连,文化一方面对语言的形式起着制约的作用,另一方面也是语言表现的基本内容。英语是社会信息的重要载体,在人类生活与交际的各领域中得到了广泛的应用。在英语教学中,由于文化的缺失无法明确教学目标,教学效率无法提高。在经济全球化、文化多元化发展的今天,社会对人才的综合素质提出了更高的要求,英语教师应遵循第二语言习得规律,将英语教学的文化融合作为切入点,全方面提高学生的英语水平。
●
相关链接 在E读中查询图书 在五车中查询图书 在当当中查询图书 在豆瓣中查询图书


正题名:英语教学与文化贯通研究     索取号:H319.3/344         预约/预借

序号 登录号 条形码 馆藏地/架位号 状态 备注
1 1184376   211843763   第二样本阅览室/ [索取号:H319.3/344] 在馆    
2 1184377   211843772   第四借阅区/ [索取号:H319.3/344] 在馆    
3 1184378   211843781   第四借阅区/ [索取号:H319.3/344] 在馆    
4 1184379   211843790   第四借阅区/ [索取号:H319.3/344] 在馆    
唐山师范学院图书馆 欢迎您!
大连网信软件有限公司© 版权所有